Statistics for Valheim Biomes Quiz

Click here to take the quiz!

General Stats

  • This quiz has been taken 103 times
  • The average score is 8 of 9

Answer Stats

Fandom DescriptionAnswer% Correct
Dangerous, shadowy area full of Leeches, Crypts filled with Draugrs, and poisonous Blobs.Swamp
100%
Found off the coast and in deep waters. Home to Leviathans and ___ Serpants.Ocean
96%
Dark and hostile forest of Fir and Pine trees with more resources, including Core Wood, Tin and Copper.Black Forest
95%
Starting biome of new worlds filled with Birch, Beech, and Oak trees which is inhabited by low level mobs.Meadows
92%
A fog-covered land with tall, dark trees and spiderwebs spread across the ground.Mistland
91%
Warm sunny area with golden grass and killer bugs. Home to the Fuling clan, Loxes and Deathsquitos.Plains
89%
Tall frozen _________ teeming with Wolves and flying Drakes that resist the biome's biting cold.Mountains
86%
Small, fiery islands covering the south of ValheimAshlands
74%
Snow-Capped hills with frozen rivers in the far north of Valheim.Deep North
59%

Score Distribution

Percentile by Number Answered

Percent of People with Each Score

Your Score History

You have not taken this quiz